000
00340nam a2200145 a 4500
001
4149
005
20140414131932.0
008
090331s19uu xx 00 eng d
020
_a
050
_a
REF 031
_b
M99 2005
100
_a
Snow, Alan
245
_a
My first encyclopedia.
260
_a
New York :
_b
Gallery,
_c
1991.
999
_c
112254
_d
112254